000 01034aab a2200205 i 4500
001 768714001
003 CO-MdFUSB
005 20240422104626.0
008 240409t1984 ag ||||| |||| 00| 0 spa d
040 _bspa
_cCO-MdFUSB
041 _aspa
100 1 _aCostas, Orlando E. (1941-1987)
_eautor
245 _aIglecrecimiento, el movimiento ecuménico y el "evangelicalismo"
_c/ Orlando E. Costas
300 _aVolumen 3, número 2 (junio, 1984), páginas: 56 - 60
_c; 27 cm
520 _aEn este artículo, el autor continúa la descripción de Iglecrecimiento (movimiento de crecimiento de la iglesia basado en la Escuela Fuller de Misión Mundial). Aquí analiza la relación entre la posición misionológica del Iglecrecimiento y las dos corrientes representativas del protestantismo moderno: el movimiento ecuménico y el "evangelismo".
650 7 _aIglesia
_9655
653 _aMisionología
773 0 _tIglesia y Misión
_049402
_959687
_gVolumen 3, número 2 (junio, 1984), páginas: 56 - 60
_qpágina: 56
942 _cANA
999 _c51464
_d51464